00660nam a22001817a 4500003000900000008004200009040007100051082001700122100002500139245007600164260002700240300004300267505009200310650001800402650002000420650001000440710002800450AR-CdUCM190506b ||||| |||| 00| 0 spa d aMUNICIPALIDAD PROVINCIAL DEL CUSCOcBIBLIOTECA MUNICIPAL DEL CUSCO a751.7 /bB81 aBravo Vizcarra, Juan aMural histórico del Qosqo :bsustento histórico y arqueológico /  aQosqo :bYanez,c1994. a68 páginas ;bfotografías.c22 cm. aContenido: Pintura mural -- Técnicas de la pintura mural -- Mural historia del Qosqo. aPintura mural aMural del qosqo aCusco aMunicipalidad del Qosqo